[Event "Vojvodina op 13th"]
[Site "Novi Sad"]
[Date "2023.06.30"]
[Round "2"]
[White "Pranesh, M."]
[Black "Zacurdajev, Dmitry"]
[Result "1-0"]
[WhiteElo "2507"]
[BlackElo "2273"]
[PlyCount "75"]
[EventDate "2023.06.29"]
[EventType "swiss"]
[EventRounds "9"]
[EventCountry "SRB"]
[SourceTitle "CBM 215 Extra"]
[Source "ChessBase"]
[SourceDate "2023.09.30"]
[SourceVersion "1"]
[SourceVersionDate "2023.09.30"]
[SourceQuality "1"]

1. e4 c6 2. d4 d5 3. e5 c5 4. dxc5 e6 5. Be3 Nd7 6. Bb5 Ne7 7. b4 a6 8. Ba4 a5 9. a3 axb4 10. axb4 Nc6 11. c3 Ncxe5 12. Nf3 Nxf3+ 13. Qxf3 Be7 14. 0-0 Bf6 15. Nd2 0-0 16. Rfc1 Bg5 17. Qg3 Bxe3 18. Qxe3 Nf6 19. Bc2 Bd7 20. Nf3 Qc7 21. Bd3 Rfb8 22. Qe5 Qc8 23. Nd4 h6 24. h3 Be8 25. Qd6 Rxa1 26. Rxa1 Ra8 27. Ra5 Bd7 28. f4 Rxa5 29. bxa5 Ne4 30. Bxe4 dxe4 31. a6 bxa6 32. c6 Be8 33. c7 Bd7 34. Nc6 Kh7 35. Ne5 e3 36. Qxd7 Qb7 37. c8Q Qb1+ 38. Kh2 1-0

[Event "Titled Tuesday intern op 23rd May Early"]
[Site "Chess.com INT"]
[Date "2023.05.23"]
[Round "2"]
[White "Kriti, Mayur Patel"]
[Black "Zacurdajev, Dmitry"]
[Result "0-1"]
[WhiteElo "1460"]
[BlackElo "2273"]
[PlyCount "46"]
[EventDate "2023.05.23"]
[EventType "swiss (blitz)"]
[EventRounds "11"]
[EventCountry "USA"]
[SourceTitle "CBM 214 Extra"]
[Source "ChessBase"]
[SourceDate "2023.07.31"]
[SourceVersion "1"]
[SourceVersionDate "2023.07.31"]
[SourceQuality "1"]

1. e4 c6 2. d4 d5 3. exd5 cxd5 4. Bd3 Nc6 5. c3 Nf6 6. Bf4 Bg4 7. f3 Bh5 8. Ne2 e6 9. 0-0 Bg6 10. Bg3 Bd6 11. Nd2 Bxg3 12. Bxg6 Bxh2+ 13. Kxh2 hxg6+ 14. Kg1 Qc7 15. f4 Ng4 16. Rf3 0-0-0 17. Rc1 Qe7 18. c4 Qh4 19. Ng3 Nxd4 20. cxd5+ Kb8 21. Rd3 Qh2+ 22. Kf1 Qh1+ 23. Nxh1 Rxh1# 0-1

[Event "Titled Tuesday intern op 23rd May Early"]
[Site "Chess.com INT"]
[Date "2023.05.23"]
[Round "7"]
[White "Zacurdajev, Dmitry"]
[Black "Kuchava, Ana"]
[Result "0-1"]
[WhiteElo "2273"]
[BlackElo "2101"]
[PlyCount "34"]
[EventDate "2023.05.23"]
[EventType "swiss (blitz)"]
[EventRounds "11"]
[EventCountry "USA"]
[SourceTitle "CBM 214 Extra"]
[Source "ChessBase"]
[SourceDate "2023.07.31"]
[SourceVersion "1"]
[SourceVersionDate "2023.07.31"]
[SourceQuality "1"]

1. d4 d5 2. c4 e6 3. Nc3 Be7 4. Nf3 Nf6 5. Bf4 c5 6. dxc5 Bxc5 7. cxd5 Nxd5 8. Nxd5 exd5 9. a3 Nc6 10. g3 0-0 11. Bg2 Qf6 12. b4 Bb6 13. 0-0 h6 14. Qxd5 Be6 15. Qb5 Rad8 16. Rfd1 Bb3 17. Rd3 Qxa1+ 0-1

[Event "Titled Tuesday intern op 18th Apr Early"]
[Site "Chess.com INT"]
[Date "2023.04.18"]
[Round "6"]
[White "Sailer, Mike L"]
[Black "Zacurdajev, Dmitry"]
[Result "1-0"]
[WhiteElo "2109"]
[BlackElo "2273"]
[PlyCount "135"]
[EventDate "2023.04.18"]
[EventType "swiss (blitz)"]
[EventRounds "11"]
[EventCountry "USA"]
[SourceTitle "EXT 2024"]
[Source "ChessBase"]
[SourceDate "2023.10.10"]
[SourceVersion "1"]
[SourceVersionDate "2023.10.10"]
[SourceQuality "1"]

1. d4 d5 2. Bg5 Nf6 3. Bxf6 exf6 4. e3 Bd6 5. c4 dxc4 6. Bxc4 f5 7. Nc3 0-0 8. Nge2 c6 9. 0-0 Nd7 10. a3 Nf6 11. b4 Qc7 12. g3 Ne4 13. Rc1 Qe7 14. Nf4 Qg5 15. Nce2 Qh6 16. h4 g5 17. hxg5 Nxg5 18. Kg2 Be6 19. Rh1 Qf6 20. Nh5 Qe7 21. Bxe6 fxe6 22. Nef4 e5 23. Qb3+ Rf7 24. dxe5 Qxe5 25. Qc4 Re8 26. Rcd1 Qe4+ 27. Qxe4 Nxe4 28. f3 Bxf4 29. Nxf4 Nc3 30. Rd3 Nb5 31. Kf2 Ree7 32. Rhd1 h6 33. Nh5 Re8 34. Rd7 Nc3 35. Rxf7 Kxf7 36. Rd7+ Re7 37. Rxe7+ Kxe7 38. Nf4 Nb1 39. a4 Nc3 40. a5 Na2 41. Nd3 b6 42. a6 Nc3 43. Ke1 Nd5 44. Kd2 Nc7 45. b5 cxb5 46. Nb4 Kd6 47. Kd3 Kc5 48. Kc3 Nd5+ 49. Nxd5 Kxd5 50. Kb4 Kc6 51. e4 fxe4 52. fxe4 h5 53. e5 Kd5 54. Kxb5 Kxe5 55. Kc6 Ke4 56. Kb7 Kf3 57. Kxa7 Kxg3 58. Kxb6 h4 59. a7 h3 60. a8Q h2 61. Qh1 Kh3 62. Kc5 Kg3 63. Kd4 Kh3 64. Ke3 Kg3 65. Ke2 Kh3 66. Kf2 Kh4 67. Qxh2+ Kg4 68. Qe5 1-0

[Event "Titled Tuesday intern op 18th Apr Early"]
[Site "Chess.com INT"]
[Date "2023.04.18"]
[Round "2"]
[White "Torres Dominguez, David"]
[Black "Zacurdajev, Dmitry"]
[Result "0-1"]
[WhiteElo "1987"]
[BlackElo "2273"]
[PlyCount "76"]
[EventDate "2023.04.18"]
[EventType "swiss (blitz)"]
[EventRounds "11"]
[EventCountry "USA"]
[SourceTitle "EXT 2024"]
[Source "ChessBase"]
[SourceDate "2023.10.10"]
[SourceVersion "1"]
[SourceVersionDate "2023.10.10"]
[SourceQuality "1"]

1. e4 c6 2. Nf3 d5 3. d3 e6 4. Be2 Nf6 5. Nbd2 Be7 6. 0-0 0-0 7. Re1 c5 8. e5 Nfd7 9. Nf1 Nc6 10. Bf4 b5 11. d4 Rb8 12. Bd3 cxd4 13. a3 b4 14. Ng3 bxa3 15. bxa3 Nc5 16. Bf1 Qb6 17. Nh5 Ne4 18. Bd3 Bb7 19. Qc1 Rfc8 20. Bh6 g6 21. Nf6+ Nxf6 22. exf6 Bxf6 23. Qf4 Bh8 24. Ng5 Qc7 25. Qh4 Ne5 26. Bf1 Bf6 27. f4 Nc4 28. Qh3 Ne3 29. Bd3 Nf5 30. Rac1 Qxf4 31. Nxf7 Qh4 32. Qxh4 Bxh4 33. Ng5 Bxe1 34. Rxe1 Re8 35. Nxe6 Bc8 36. Bxf5 gxf5 37. Bf4 Rxe6 38. Rxe6 Bxe6 0-1

[Event "Titled Tuesday intern op 11th Apr Early"]
[Site "Chess.com INT"]
[Date "2023.04.11"]
[Round "1"]
[White "Zacurdajev, Dmitry"]
[Black "Urazayev, Arystanbek"]
[Result "0-1"]
[WhiteElo "2273"]
[BlackElo "2460"]
[PlyCount "52"]
[EventDate "2023.04.11"]
[EventType "swiss (blitz)"]
[EventRounds "11"]
[EventCountry "USA"]
[SourceTitle "CBM 213 Extra"]
[Source "ChessBase"]
[SourceDate "2023.05.31"]
[SourceVersion "1"]
[SourceVersionDate "2023.05.31"]
[SourceQuality "1"]

1. d4 Nf6 2. c4 e6 3. Nc3 Bb4 4. Qc2 d5 5. a3 Bxc3+ 6. Qxc3 dxc4 7. Qxc4 b6 8. Bg5 Ba6 9. Qc3 0-0 10. e3 Bxf1 11. Kxf1 Nbd7 12. Nf3 c5 13. Rd1 Qc8 14. h4 h6 15. Bf4 Nd5 16. Qd3 Nxf4 17. exf4 c4 18. Qc2 Nf6 19. Rh3 b5 20. Ne5 Nd5 21. Qe4 c3 22. Rg3 cxb2 23. Ng4 Kh8 24. Nxh6 Qc1 25. Qe1 Rac8 26. Rgd3 b1Q 0-1

[Event "Titled Tuesday intern op 28th Mar Early"]
[Site "Chess.com INT"]
[Date "2023.03.28"]
[Round "3"]
[White "Napoli, Nicolo"]
[Black "Zacurdajev, Dmitry"]
[Result "0-1"]
[WhiteElo "2231"]
[BlackElo "2273"]
[PlyCount "56"]
[EventDate "2023.03.28"]
[EventType "swiss (blitz)"]
[EventRounds "11"]
[EventCountry "USA"]
[SourceTitle "EXT 2024"]
[Source "ChessBase"]
[SourceDate "2023.10.10"]
[SourceVersion "1"]
[SourceVersionDate "2023.10.10"]
[SourceQuality "1"]

1. e4 c6 2. d4 d5 3. Nc3 dxe4 4. Nxe4 Nf6 5. Nxf6+ exf6 6. c3 Bd6 7. Bd3 Na6 8. Ne2 Nc7 9. Qc2 h5 10. 0-0 Be6 11. Nf4 Bxf4 12. Bxf4 Nd5 13. Qd2 h4 14. g3 g5 15. Be3 Qd7 16. Be4 0-0-0 17. a4 Rde8 18. Rfe1 Bh3 19. Bh1 Qe6 20. Bxg5 Qf5 21. Bxh4 Rxe1+ 22. Rxe1 Rxh4 23. c4 Nc7 24. Qe2 Rxd4 25. Qe7 Qd7 26. Qf8+ Qd8 27. Qxf7 Rd1 28. Qh5 Rxe1# 0-1

[Event "Titled Tuesday intern op 28th Mar Early"]
[Site "Chess.com INT"]
[Date "2023.03.28"]
[Round "1"]
[White "Urazayev, Arystanbek"]
[Black "Zacurdajev, Dmitry"]
[Result "1-0"]
[WhiteElo "2460"]
[BlackElo "2273"]
[PlyCount "65"]
[EventDate "2023.03.28"]
[EventType "swiss (blitz)"]
[EventRounds "11"]
[EventCountry "USA"]
[SourceTitle "EXT 2024"]
[Source "ChessBase"]
[SourceDate "2023.10.10"]
[SourceVersion "1"]
[SourceVersionDate "2023.10.10"]
[SourceQuality "1"]

1. d4 d5 2. c4 e6 3. Nf3 Nf6 4. Nc3 Be7 5. cxd5 exd5 6. Bf4 c6 7. h3 0-0 8. e3 Nbd7 9. Bd3 Re8 10. 0-0 Nf8 11. Rb1 a5 12. Qc2 Be6 13. a3 Qc8 14. Na4 Bxh3 15. gxh3 Qxh3 16. Nh2 Ne6 17. Bg3 g6 18. Rfe1 Nh5 19. Bf1 Qf5 20. Qxf5 gxf5 21. Nb6 Rad8 22. Nf3 Ng5 23. Nxg5 Bxg5 24. Bc7 f4 25. Bxd8 Bxd8 26. Na4 f3 27. Nc5 b6 28. Nd3 f6 29. Nf4 Ng7 30. Bh3 Kf7 31. Kh1 Bc7 32. Bg4 f5 33. Bxf3 1-0

[Event "Titled Tuesday intern op 28th Mar Early"]
[Site "Chess.com INT"]
[Date "2023.03.28"]
[Round "7"]
[White "Zacurdajev, Dmitry"]
[Black "Floresvillar Gonzalez, Luis Miguel"]
[Result "1-0"]
[WhiteElo "2273"]
[BlackElo "2075"]
[PlyCount "83"]
[EventDate "2023.03.28"]
[EventType "swiss (blitz)"]
[EventRounds "11"]
[EventCountry "USA"]
[SourceTitle "EXT 2024"]
[Source "ChessBase"]
[SourceDate "2023.10.10"]
[SourceVersion "1"]
[SourceVersionDate "2023.10.10"]
[SourceQuality "1"]

1. d4 d5 2. c4 c6 3. Nc3 Nf6 4. Nf3 g6 5. e3 Bg7 6. Bd3 dxc4 7. Bxc4 0-0 8. 0-0 b5 9. Bb3 Bb7 10. a4 b4 11. Ne2 a5 12. Ne5 c5 13. dxc5 Qc7 14. Nd3 Rd8 15. Bc4 Nbd7 16. Qb3 e6 17. Nd4 Nxc5 18. Nxc5 Qxc5 19. Bd2 Qg5 20. f3 e5 21. Bxf7+ Kh8 22. Ne6 Qh6 23. Nxd8 Rxd8 24. Rfd1 e4 25. Be1 Rf8 26. f4 Ng4 27. h3 Rxf7 28. hxg4 Rf8 29. Rd7 Bc8 30. Rc7 Bxg4 31. Qd5 Bf5 32. Qxa5 Qh5 33. Qxb4 Qe2 34. Qd2 Qg4 35. Rac1 Be6 36. Rxg7 Kxg7 37. Rc7+ Rf7 38. Qd4+ Kh6 39. Rxf7 Bxf7 40. Qxe4 Bb3 41. Qf3 Qe6 42. a5 1-0

[Event "Titled Tuesday intern op 28th Mar Early"]
[Site "Chess.com INT"]
[Date "2023.03.28"]
[Round "11"]
[White "Zacurdajev, Dmitry"]
[Black "Ibadov, Dashgyn"]
[Result "1-0"]
[WhiteElo "2273"]
[BlackElo "2398"]
[PlyCount "133"]
[EventDate "2023.03.28"]
[EventType "swiss (blitz)"]
[EventRounds "11"]
[EventCountry "USA"]
[SourceTitle "EXT 2024"]
[Source "ChessBase"]
[SourceDate "2023.10.10"]
[SourceVersion "1"]
[SourceVersionDate "2023.10.10"]
[SourceQuality "1"]

1. d4 Nf6 2. c4 c5 3. d5 d6 4. Nc3 g6 5. Bf4 Bg7 6. h3 0-0 7. e3 e6 8. Nf3 exd5 9. cxd5 Na6 10. Be2 Nc7 11. 0-0 Re8 12. a4 Ne4 13. Qb3 b6 14. Rfd1 Ba6 15. Bxa6 Nxa6 16. Nxe4 Rxe4 17. Qd3 Rxf4 18. exf4 Nb4 19. Qe2 Qf6 20. Rab1 Qxf4 21. Qe7 Bf6 22. Qb7 Re8 23. Qxa7 Re2 24. Qxb6 Bh4 25. Nxh4 Qxf2+ 26. Kh1 Qxh4 27. Qxd6 Qg5 28. Qh2 Nxd5 29. Re1 Rf2 30. Re8+ Kg7 31. Qe5+ Qxe5 32. Rxe5 Nf4 33. Rxc5 Nxg2 34. a5 Nh4 35. Kg1 Rd2 36. Rf1 Rxb2 37. Rc7 Nf5 38. a6 Ra2 39. a7 h5 40. Rf2 Ra3 41. Rb2 Nd4 42. Rb8 Nf3+ 43. Kf2 Ng5 44. a8Q Rxa8 45. Rxa8 Nxh3+ 46. Kg3 Ng5 47. Raa7 Kf6 48. Kh4 Nf3+ 49. Kg3 Ne5 50. Ra6+ Kf5 51. Rc5 f6 52. Rb5 g5 53. Rbb6 h4+ 54. Kg2 Ng4 55. Rc6 Kg6 56. Ra4 Kh5 57. Ra8 f5 58. Rh8+ Nh6 59. Rhxh6+ Kg4 60. Rc4+ f4 61. Rg6 h3+ 62. Kh2 Kh4 63. Rg8 Kg4 64. Rc5 Kh4 65. Rcxg5 f3 66. Rg3 f2 67. Rh8# 1-0

[Event "Titled Tuesday intern op 28th Mar Early"]
[Site "Chess.com INT"]
[Date "2023.03.28"]
[Round "8"]
[White "Zacurdajev, Dmitry"]
[Black "Winkels, Marcel"]
[Result "1-0"]
[WhiteElo "2273"]
[BlackElo "1949"]
[PlyCount "75"]
[EventDate "2023.03.28"]
[EventType "swiss (blitz)"]
[EventRounds "11"]
[EventCountry "USA"]
[SourceTitle "EXT 2024"]
[Source "ChessBase"]
[SourceDate "2023.10.10"]
[SourceVersion "1"]
[SourceVersionDate "2023.10.10"]
[SourceQuality "1"]

1. d4 Nf6 2. c4 g6 3. Nc3 Bg7 4. e4 d6 5. Nf3 0-0 6. Be2 c5 7. 0-0 cxd4 8. Nxd4 Nc6 9. Be3 Nxd4 10. Bxd4 Be6 11. Rc1 Qa5 12. b3 Rfc8 13. f3 a6 14. Qd2 b5 15. cxb5 axb5 16. Rfd1 b4 17. Na4 Nd7 18. Bxg7 Kxg7 19. Qd4+ f6 20. Bc4 Bxc4 21. Rxc4 Rxc4 22. Qxc4 Ne5 23. Qc2 Qa6 24. Rc1 Nd3 25. Rd1 Qa7+ 26. Kf1 Ne5 27. Qf2 Qxf2+ 28. Kxf2 Rc8 29. Rd2 Rc1 30. Nb6 Ra1 31. Nd5 Kf7 32. Nxb4 Nd7 33. Nc6 Nc5 34. b4 Na4 35. b5 Nc3 36. b6 Rb1 37. b7 Rxb7 38. Nd8+ 1-0

[Event "Titled Tuesday intern op 7th Mar Early"]
[Site "Chess.com INT"]
[Date "2023.03.07"]
[Round "6"]
[White "Belov, Alexei"]
[Black "Zacurdajev, Dmitry"]
[Result "0-1"]
[WhiteElo "2421"]
[BlackElo "2273"]
[PlyCount "60"]
[EventDate "2023.03.07"]
[EventType "swiss (blitz)"]
[EventRounds "11"]
[EventCountry "USA"]
[SourceTitle "EXT 2024"]
[Source "ChessBase"]
[SourceDate "2023.10.10"]
[SourceVersion "1"]
[SourceVersionDate "2023.10.10"]
[SourceQuality "1"]

1. e4 c6 2. d4 d5 3. Nd2 dxe4 4. Nxe4 Nf6 5. Nxf6+ exf6 6. c3 Bd6 7. Bd3 Na6 8. Ne2 Nc7 9. Qc2 h5 10. Be3 Be6 11. c4 Kf8 12. Nc3 h4 13. h3 g6 14. 0-0-0 b5 15. d5 cxd5 16. cxb5 Kg7 17. Kb1 Qd7 18. Qa4 Be5 19. Ne2 a6 20. Nd4 axb5 21. Qb4 Ra4 22. Qc5 Rha8 23. Nxb5 Rxa2 24. Bd4 Nxb5 25. Bxb5 Bxd4 26. Rxd4 Bf5+ 27. Kc1 Qe6 28. Bc6 Ra1+ 29. Kd2 Rxh1 30. Bxa8 Qe1# 0-1

[Event "Titled Tuesday intern op 7th Mar Early"]
[Site "Chess.com INT"]
[Date "2023.03.07"]
[Round "7"]
[White "Oro, Faustino"]
[Black "Zacurdajev, Dmitry"]
[Result "0-1"]
[WhiteElo "2211"]
[BlackElo "2273"]
[PlyCount "104"]
[EventDate "2023.03.07"]
[EventType "swiss (blitz)"]
[EventRounds "11"]
[EventCountry "USA"]
[SourceTitle "EXT 2024"]
[Source "ChessBase"]
[SourceDate "2023.10.10"]
[SourceVersion "1"]
[SourceVersionDate "2023.10.10"]
[SourceQuality "1"]

1. e4 c6 2. d4 d5 3. e5 c5 4. dxc5 Nc6 5. f4 e6 6. Be3 d4 7. Bf2 Bxc5 8. Nf3 Nge7 9. Nbd2 Nd5 10. a3 Nxf4 11. Ne4 Qa5+ 12. b4 Nxb4 13. axb4 Bxb4+ 14. Nfd2 Bxd2+ 15. Nxd2 Qxe5+ 16. Be2 Nxg2+ 17. Kf1 Ne3+ 18. Bxe3 dxe3 19. Nf3 Qf5 20. Qd6 Bd7 21. Rg1 Bc6 22. Rg5 Qh3+ 23. Ke1 Rd8 24. Qf4 Bxf3 25. Bxf3 0-0 26. Rg3 Qf5 27. Qxe3 Qxc2 28. Rg2 Qc4 29. Rc1 Qb4+ 30. Kf1 g6 31. Kg1 Rc8 32. Re1 Rc3 33. Qe2 Qc5+ 34. Kh1 Rc8 35. Be4 Rc1 36. Rgg1 Rxe1 37. Rxe1 b5 38. Bb7 Rb8 39. Bg2 b4 40. Qd2 b3 41. Rc1 Qb6 42. Qc3 b2 43. Rb1 a5 44. Qc2 Qb4 45. Qf2 a4 46. Qa7 a3 47. Kg1 Qb3 48. Rf1 e5 49. Kh1 b1Q 50. Qc7 Qxf1+ 51. Bxf1 Qb7+ 52. Qxb7 Rxb7 0-1

[Event "Titled Tuesday intern op 7th Mar Early"]
[Site "Chess.com INT"]
[Date "2023.03.07"]
[Round "9"]
[White "Sielecki, Christof"]
[Black "Zacurdajev, Dmitry"]
[Result "1-0"]
[WhiteElo "2422"]
[BlackElo "2273"]
[PlyCount "75"]
[EventDate "2023.03.07"]
[EventType "swiss (blitz)"]
[EventRounds "11"]
[EventCountry "USA"]
[SourceTitle "EXT 2024"]
[Source "ChessBase"]
[SourceDate "2023.10.10"]
[SourceVersion "1"]
[SourceVersionDate "2023.10.10"]
[SourceQuality "1"]

1. e4 c6 2. d4 d5 3. exd5 cxd5 4. Bd3 Nc6 5. c3 Nf6 6. h3 g6 7. Nf3 Bf5 8. 0-0 Ne4 9. Re1 Bg7 10. g4 Bc8 11. c4 Nf6 12. g5 Nh5 13. cxd5 Qxd5 14. Nc3 Qd7 15. d5 Qxh3 16. Bf1 Qg4+ 17. Bg2 Nb8 18. d6 0-0 19. dxe7 Re8 20. Nd5 Nc6 21. Nc7 Be6 22. Nxa8 Rxa8 23. Qd6 Re8 24. Be3 Nxe7 25. Ne5 Bxe5 26. Qxe5 Bd5 27. Qh2 Nf5 28. Qh3 Qc4 29. Bxd5 Qxd5 30. Rad1 Qxa2 31. Bc5 Rc8 32. Bd4 Nxd4 33. Rxd4 Qxb2 34. Qxc8+ Kg7 35. Qg4 Qc3 36. Rdd1 b5 37. Qd4+ Qxd4 38. Rxd4 1-0

[Event "Titled Tuesday intern op 7th Mar Early"]
[Site "Chess.com INT"]
[Date "2023.03.07"]
[Round "8"]
[White "Zacurdajev, Dmitry"]
[Black "Dehtiarov, Roman"]
[Result "0-1"]
[WhiteElo "2273"]
[BlackElo "2300"]
[PlyCount "42"]
[EventDate "2023.03.07"]
[EventType "swiss (blitz)"]
[EventRounds "11"]
[EventCountry "USA"]
[SourceTitle "EXT 2024"]
[Source "ChessBase"]
[SourceDate "2023.10.10"]
[SourceVersion "1"]
[SourceVersionDate "2023.10.10"]
[SourceQuality "1"]

1. d4 Nf6 2. c4 e6 3. Nc3 Bb4 4. Qc2 0-0 5. a3 Bxc3+ 6. Qxc3 b6 7. Bg5 h6 8. Bh4 Bb7 9. f3 d6 10. e3 Nbd7 11. Nh3 e5 12. Be2 Re8 13. d5 a5 14. Nf2 a4 15. Ne4 Nxe4 16. Bxd8 Nxc3 17. Bxc7 Nxe2 18. Kxe2 Ba6 19. Bxd6 Bxc4+ 20. Kf2 Bxd5 21. Rhd1 Bb3 0-1

[Event "Titled Tuesday intern op 7th Mar Early"]
[Site "Chess.com INT"]
[Date "2023.03.07"]
[Round "10"]
[White "Zacurdajev, Dmitry"]
[Black "Starozhilov, Leonid"]
[Result "0-1"]
[WhiteElo "2273"]
[BlackElo "2293"]
[PlyCount "90"]
[EventDate "2023.03.07"]
[EventType "swiss (blitz)"]
[EventRounds "11"]
[EventCountry "USA"]
[SourceTitle "EXT 2024"]
[Source "ChessBase"]
[SourceDate "2023.10.10"]
[SourceVersion "1"]
[SourceVersionDate "2023.10.10"]
[SourceQuality "1"]

1. d4 Nf6 2. c4 g6 3. Nc3 Bg7 4. e4 d6 5. Nf3 Bg4 6. Be2 0-0 7. 0-0 a6 8. h3 Bxf3 9. Bxf3 Nfd7 10. Bg5 c5 11. d5 b5 12. Be2 bxc4 13. Bxc4 Nb6 14. Be2 N8d7 15. Rb1 c4 16. Kh1 Nc5 17. f4 Bxc3 18. bxc3 Nxe4 19. Qd4 Ng3+ 20. Kh2 Nxe2 21. Qxb6 Nxc3 22. Qxd8 Rfxd8 23. Rbc1 Nxd5 24. Rxc4 Rdc8 25. Rd4 e6 26. Ra4 Kg7 27. Bh4 Rc2 28. Bf2 f6 29. Kg1 h6 30. Re1 Kf7 31. Rb1 Rac8 32. Rb7+ R8c7 33. Rb8 R2c6 34. Ra8 g5 35. fxg5 hxg5 36. R4xa6 Rxa6 37. Rxa6 Rc2 38. Bd4 e5 39. Rxd6 Nf4 40. Bf2 Rxa2 41. h4 gxh4 42. Bxh4 Rxg2+ 43. Kf1 Rg6 44. Bf2 f5 45. Ra6 Rxa6 0-1

[Event "Titled Tuesday intern op 21st Feb Early"]
[Site "Chess.com INT"]
[Date "2023.02.21"]
[Round "7"]
[White "Aldokhin, Ivan"]
[Black "Zacurdajev, Dmitry"]
[Result "1-0"]
[WhiteElo "2413"]
[BlackElo "2273"]
[PlyCount "77"]
[EventDate "2023.02.21"]
[EventType "swiss (blitz)"]
[EventRounds "11"]
[EventCountry "USA"]
[SourceTitle "CBM 212 Extra"]
[Source "ChessBase"]
[SourceDate "2023.03.31"]
[SourceVersion "1"]
[SourceVersionDate "2023.03.31"]
[SourceQuality "1"]

1. e4 c6 2. Nc3 d5 3. d4 dxe4 4. Nxe4 Nf6 5. Nxf6+ exf6 6. c3 Bd6 7. Bd3 Na6 8. Ne2 Nc7 9. Qc2 h5 10. Bd2 Be6 11. Nf4 Bxf4 12. Bxf4 Nd5 13. Bd2 b5 14. 0-0 h4 15. h3 Qd7 16. b3 Kf8 17. c4 bxc4 18. bxc4 Nb6 19. Bb4+ Kg8 20. Bc5 Rh5 21. f4 Rd8 22. f5 Bxc4 23. Bxc4 Nxc4 24. Qxc4 Rxf5 25. Rxf5 Qxf5 26. Bxa7 Qe4 27. Bc5 Ra8 28. a4 Rb8 29. a5 Rb2 30. Qf1 Qe3+ 31. Kh1 Rf2 32. Qg1 Qg3 33. a6 Rf3 34. a7 g5 35. a8Q+ Kg7 36. Qf8+ Kg6 37. Qg8+ Kf5 38. Qh7+ Kf4 39. Bd6# 1-0

[Event "Titled Tuesday intern op 21st Feb Early"]
[Site "Chess.com INT"]
[Date "2023.02.21"]
[Round "1"]
[White "Harsh, Suresh"]
[Black "Zacurdajev, Dmitry"]
[Result "1-0"]
[WhiteElo "2261"]
[BlackElo "2273"]
[PlyCount "77"]
[EventDate "2023.02.21"]
[EventType "swiss (blitz)"]
[EventRounds "11"]
[EventCountry "USA"]
[SourceTitle "CBM 212 Extra"]
[Source "ChessBase"]
[SourceDate "2023.03.31"]
[SourceVersion "1"]
[SourceVersionDate "2023.03.31"]
[SourceQuality "1"]

1. e4 c6 2. d3 d5 3. Nd2 e6 4. Ngf3 Nf6 5. g3 Be7 6. Bg2 0-0 7. 0-0 c5 8. Re1 Nc6 9. e5 Nd7 10. Nf1 b5 11. h4 a5 12. N1h2 b4 13. h5 h6 14. Ng4 Re8 15. Bf4 Bf8 16. Qd2 Ba6 17. Bh3 Kh7 18. c3 a4 19. a3 bxc3 20. bxc3 Na5 21. Rad1 Nb3 22. Qe3 c4 23. d4 Rb8 24. Rb1 Na5 25. Rxb8 Qxb8 26. Bf1 Qb2 27. Be2 Qxa3 28. Bd1 Qa2 29. Kg2 a3 30. Re2 Qa1 31. Bc2+ Kh8 32. Bxh6 a2 33. Ng5 Re7 34. Qf4 Qxc3 35. Nxf7+ Rxf7 36. Qxf7 a1Q 37. Bxg7+ Bxg7 38. h6 Qf3+ 39. Qxf3 1-0

[Event "Titled Tuesday intern op 14th Feb Early"]
[Site "Chess.com INT"]
[Date "2023.02.14"]
[Round "4"]
[White "Ricaurte Lopez, Juan Carlos"]
[Black "Zacurdajev, Dmitry"]
[Result "0-1"]
[WhiteElo "2226"]
[BlackElo "2273"]
[PlyCount "50"]
[EventDate "2023.02.14"]
[EventType "swiss (blitz)"]
[EventRounds "11"]
[EventCountry "USA"]
[SourceTitle "CBM 212 Extra"]
[Source "ChessBase"]
[SourceDate "2023.03.31"]
[SourceVersion "1"]
[SourceVersionDate "2023.03.31"]
[SourceQuality "1"]

1. e4 c6 2. d4 d5 3. exd5 cxd5 4. c4 Nf6 5. Nc3 g6 6. Bg5 Bg7 7. Bxf6 Bxf6 8. cxd5 0-0 9. h4 Qb6 10. Qd2 Qxd4 11. h5 Qxd2+ 12. Kxd2 Rd8 13. hxg6 hxg6 14. Bc4 Nc6 15. Nge2 Na5 16. Bd3 b6 17. b4 Nc6 18. Rac1 Nxb4 19. Bc4 Bb7 20. Ke3 Nxd5+ 21. Nxd5 Bxd5 22. Nf4 Bg5 23. Bxd5 Rxd5 24. Ke4 Rf5 25. Nd5 Rd8 0-1